Every Class 2 Montana Senator - Statistics

General Stats
  • This quiz has been taken 15 times
  • The average score is 6 of 12
Answer Stats
Picture Hint Answer % Correct
R(2015-) Steve Daines
100%
D(1961-1978) Lee W. Metcalf
60%
D(1978-2014) Max S. Baucus
60%
D(1934-1961) James E. Murray
40%
D(1933-1934) John E. Erickson
40%
D(2014-2015) John Walsh
40%
R(1907-1913) Joseph M. Dixon
40%
D(1978-1978) Paul G. Hatfield
40%
R(1890-1895) Thomas C. Power
40%
R(1895-1901) Thomas H. Carter
40%
D(1913-1933) Thomas J. Walsh
40%
D(1901-1907) William A. Clark
40%
No matching quizzes found
Score Distribution
Percent of People with Each Score
Percentile by Number Answered
Your Score History
You have not taken this quiz